| 000 | 00752nam a22002417a 4500 | ||
|---|---|---|---|
| 999 |
_c6438 _d6438 |
||
| 003 | AR-CdUCM | ||
| 008 | 190315b ||||| |||| 00| 0 spa d | ||
| 040 |
_aMUNICIPALIDAD PROVINCIAL DEL CUSCO _cBIBLIOTECA MUNICIPAL DEL CUSCO |
||
| 082 |
_a989.04 / _bC23 |
||
| 100 |
_aCapdevila, Arturo _915242 |
||
| 110 |
_aInstituto cultural Argentino - Uruguayo _918273 |
||
| 245 | _aMeditación sobre Artigas / | ||
| 260 |
_aBuenos Aires _c1948. |
||
| 300 |
_a37 paginas ; _c22 cm. |
||
| 500 | _aDonación familia Nieto | ||
| 505 | _aContenido :Significación histórica de Artigas / | ||
| 650 |
_aHistoria _9136 |
||
| 650 |
_aLibertad _92892 |
||
| 650 |
_aIndependencia _9625 |
||
| 650 |
_aUruguay-Artigas _918274 |
||
| 942 |
_2ddc _cLIBROS |
||
| 945 | _arjall | ||